Umrao Jan Ada (courtesan of Lucknow) / (Record no. 15860)
[ view plain ]
| 000 -LEADER | |
|---|---|
| fixed length control field | 00806nam a22002537a 4500 |
| 005 - DATE AND TIME OF LATEST TRANSACTION | |
| control field | 20190226142831.0 |
| 008 - FIXED-LENGTH DATA ELEMENTS--GENERAL INFORMATION | |
| fixed length control field | 080927t xxu||||| |||| 00| 0 eng d |
| 010 ## - LCCN (DPL NO) | |
| LC control number | B-128030 |
| 020 ## - INTERNATIONAL STANDARD BOOK NUMBER | |
| Terms of availability | 150.00 |
| International Standard Book Number | 8172236638 |
| 035 ## - SYSTEM CONTROL NUMBER | |
| System control number | B-128030,B-128031 |
| 082 ## - DEWEY DECIMAL CLASSIFICATION NUMBER | |
| Classification number | N |
| 100 ## - MAIN ENTRY--PERSONAL NAME | |
| Personal name | Ruswa, Mirza Mohammad Hadi, |
| 240 ## - UNIFORM TITLE | |
| Uniform title | <a href="Umrāʼo Jān Adā.">Umrāʼo Jān Adā.</a> |
| Language of a work | English |
| 245 ## - TITLE STATEMENT | |
| Title | Umrao Jan Ada (courtesan of Lucknow) / |
| Statement of responsibility, etc | Mirza Mohammad Hadi Ruswa ; translated by Khushwant Singh |
| 260 ## - PUBLICATION, DISTRIBUTION, ETC. (IMPRINT) | |
| Place of publication, distribution, etc | New delhi |
| Name of publisher, distributor, etc | HarperCollins Publishers |
| Date of publication, distribution, etc | 2006 |
| 300 ## - PHYSICAL DESCRIPTION | |
| Extent | 286 p. ; |
| Dimensions | 18 cm. |
| 500 ## - GENERAL NOTE | |
| General note | "1st published in Pakistan." |
| 500 ## - GENERAL NOTE | |
| General note | Reprint of the 1961 ed. |
| 500 ## - GENERAL NOTE | |
| General note | Translation of Umrāʼo Jān Adā. |
| 504 ## - BIBLIOGRAPHY, ETC. NOTE | |
| Bibliography, etc | Bibliography: p. 287. |
| 700 ## - ADDED ENTRY--PERSONAL NAME | |
| Personal name | Khushwant Singh |
| 942 ## - ADDED ENTRY ELEMENTS (KOHA) | |
| Source of classification or shelving scheme | Dewey Decimal Classification |
| Item type | English Books |
| Classification part | N |
| Call number suffix | RUS |
| Withdrawn status | Lost status | Source of classification or shelving scheme | Damaged status | Not for loan | Home library | Current library | Date acquired | Cost, normal purchase price | Total Checkouts | Full call number | Date last seen | Copy number | Cost, replacement price | Koha item type | Collection code | Source of acquisition | Barcode | Total Renewals |
|---|---|---|---|---|---|---|---|---|---|---|---|---|---|---|---|---|---|---|
| Dewey Decimal Classification | Andrews Gunj | Andrews Gunj | 27/09/2008 | 150.00 | N RUS | 27/09/2008 | 1 | 150.00 | English Books | |||||||||
| Dewey Decimal Classification | Vigyan Vihar | Vigyan Vihar | 26/02/2019 | 295.00 | 1 | N RUS | 11/02/2021 | 295.00 | English Books | Non-fiction | BPPD/PUB | B-128031 | 1 | |||||
| Dewey Decimal Classification | Yojana Vihar | Yojana Vihar | 05/11/2018 | 0.00 | N RUS | 05/11/2018 | 0.00 | English Books | Fiction | BPPD/PUB | B-128030 |
